| 000 | 00771nam a22002417a 4500 | ||
|---|---|---|---|
| 999 |
_c11568 _d11568 |
||
| 003 | AR-CdUCM | ||
| 008 | 190404b ||||| |||| 00| 0 spa d | ||
| 040 |
_aMUNICIPALIDAD PROVINCIAL DEL CUSCO _cBIBLIOTECA MUNICIPAL DEL CUSCO |
||
| 082 |
_aEP / 940.14 / _bB83 |
||
| 245 | _aCaballero de la edad media / | ||
| 260 |
_aNueva York : _bEncyclopedia Britanica Press |
||
| 300 |
_bIlustraciones,mapas, _c29 cm. |
||
| 440 |
_aLibros juveniles de la vida real _928454 |
||
| 500 | _aLibro sin numeración | ||
| 505 | _aContenido : Caballero de la edad media / | ||
| 650 |
_aCaballeros _928992 |
||
| 650 |
_aGeogrfia _928993 |
||
| 650 |
_aViajes _9856 |
||
| 650 |
_aEuropa _91221 |
||
| 700 |
_aDorothy welker _928994 |
||
| 942 |
_2ddc _cLIBROS |
||
| 945 |
_arjall _d2019-04-04 |
||